[Event "World Blitz Championship"]
[Site "Doha QAT"]
[Date "2016.12.29"]
[EventDate "2016.12.29"]
[Round "7.25"]
[Result "1-0"]
[White "Rauf Mamedov"]
[Black "Vidit Santosh Gujrathi"]
[WhiteElo "2688"]
[BlackElo "2689"]
[PlyCount "85"]

1. e4 c6 2. Ne2 d5 3. e5 c5 4. d4 Nc6 5. c3 cxd4 6. cxd4 Bf5
7. Nbc3 e6 8. Ng3 Bg6 9. Be3 Nge7 10. Qd2 Nf5 11. Nxf5 Bxf5
12. Be2 Be7 13. O-O O-O 14. Rfc1 Rc8 15. Na4 Qd7 16. Nc5 Bxc5
17. Rxc5 b6 18. Rcc1 Na5 19. b3 Qb7 20. h4 h6 21. h5 Rxc1+
22. Rxc1 Rc8 23. g4 Be4 24. f3 Bh7 25. Bb5 a6 26. Be2 Nc6
27. Kf2 a5 28. a3 Ne7 29. Bb5 Rc7 30. b4 axb4 31. Qxb4 Rxc1
32. Bxc1 Qc7 33. Be3 Nc8 34. Qa4 Na7 35. Be2 Bc2 36. Qe8+ Kh7
37. g5 hxg5 38. Bxg5 Nc6 39. h6 gxh6 40. Bf6 Nxd4 41. Qh8+ Kg6
42. Qg7+ Kh5 43. Qg4# 1-0

[Event "World Blitz Championship"]
[Site "Doha QAT"]
[Date "2016.12.29"]
[EventDate "2016.12.29"]
[Round "8.36"]
[Result "0-1"]
[White "Vidit Santosh Gujrathi"]
[Black "Zdenko Kozul"]
[WhiteElo "2689"]
[BlackElo "2613"]
[PlyCount "94"]

1. d4 Nf6 2. Nf3 g6 3. g3 Bg7 4. Bg2 d5 5. O-O c6 6. b3 O-O
7. Bb2 Qb6 8. Nbd2 Bg4 9. h3 Bxf3 10. Nxf3 Nbd7 11. a4 a5
12. Ba3 Rfe8 13. c4 Ne4 14. cxd5 cxd5 15. Qd3 e5 16. e3 exd4
17. exd4 Nf8 18. Ne5 Ne6 19. Bb2 Rac8 20. Rae1 f5 21. Kh2 Qb4
22. Rc1 Rxc1 23. Rxc1 Nxf2 24. Qb5 Qxb5 25. axb5 Ne4 26. b6
Nxd4 27. Bxd4 Bxe5 28. Bxe5 Rxe5 29. Rc7 d4 30. Rxb7 Rb5
31. Bf1 Rb4 32. Bc4+ Kf8 33. Rxh7 Rxb6 34. Rd7 Rd6 35. Ra7 d3
36. Rxa5 d2 37. Be2 Nc3 38. Bf3 d1=Q 39. Bxd1 Rxd1 40. h4 Rd2+
41. Kh1 Ne4 42. g4 Nf2+ 43. Kg1 Nxg4 44. h5 Kg7 45. b4 Rb2
46. hxg6 Kxg6 47. b5 Kg5 0-1

[Event "World Blitz Championship"]
[Site "Doha QAT"]
[Date "2016.12.29"]
[EventDate "2016.12.29"]
[Round "9.40"]
[Result "1-0"]
[White "Vidit Santosh Gujrathi"]
[Black "Bassem Amin"]
[WhiteElo "2689"]
[BlackElo "2662"]
[PlyCount "61"]

1. c4 e5 2. g3 d6 3. Bg2 Nc6 4. Nc3 f5 5. e3 Nf6 6. Nge2 g6
7. O-O Bg7 8. d3 O-O 9. Rb1 a5 10. a3 Be6 11. Nd5 g5 12. f4 h6
13. Kh1 Kh8 14. Nec3 gxf4 15. exf4 Nd4 16. Nxf6 Qxf6 17. Bxb7
Rab8 18. Bg2 Qg6 19. Be3 c5 20. Nd5 Rf7 21. b4 axb4 22. axb4
cxb4 23. Rxb4 Rxb4 24. Nxb4 exf4 25. Rxf4 Ra7 26. Bxd4 Bxd4
27. Rxd4 Qf6 28. Nc6 Ra2 29. Qg1 Bd7 30. Rf4 Ra1 31. Rf1 1-0

[Event "World Blitz Championship"]
[Site "Doha QAT"]
[Date "2016.12.29"]
[EventDate "2016.12.29"]
[Round "10.36"]
[Result "1-0"]
[White "Levan Pantsulaia"]
[Black "Vidit Santosh Gujrathi"]
[WhiteElo "2607"]
[BlackElo "2689"]
[PlyCount "93"]

1. Nf3 d5 2. g3 Nd7 3. Bg2 e5 4. d3 Ngf6 5. O-O Bd6 6. Nbd2 c6
7. e4 O-O 8. Re1 Re8 9. c3 a5 10. a4 Bc7 11. Qc2 b6 12. b3 Ba6
13. Ba3 h6 14. d4 exd4 15. Nxd4 Ne5 16. exd5 cxd5 17. N2f3 Bd3
18. Qd1 Nxf3+ 19. Qxf3 Be4 20. Qd1 Qd7 21. Nb5 Bxg2 22. Rxe8+
Rxe8 23. Kxg2 Be5 24. Qf3 Ne4 25. Rd1 Ng5 26. Qxd5 Qh3+
27. Kg1 Bf6 28. Bc1 Rd8 29. Nd6 Be7 30. Bxg5 Rxd6 31. Qa8+ Kh7
32. Rxd6 Bxd6 33. Be3 Qe6 34. Qc6 Qg6 35. Bxb6 Qb1+ 36. Kg2
Be5 37. Bxa5 Bf6 38. Qd5 Qc2 39. Bb4 Qb1 40. a5 Qa2 41. h4 Kg8
42. h5 Qe2 43. Qa8+ Kh7 44. a6 Bg5 45. Qc6 f5 46. a7 f4
47. Qg6+ 1-0

[Event "World Blitz Championship"]
[Site "Doha QAT"]
[Date "2016.12.29"]
[EventDate "2016.12.29"]
[Round "11.41"]
[Result "1/2-1/2"]
[White "Vidit Santosh Gujrathi"]
[Black "David Howell"]
[WhiteElo "2689"]
[BlackElo "2644"]
[PlyCount "120"]

1. d4 d5 2. c4 c6 3. Nf3 Nf6 4. e3 a6 5. Bd3 Bg4 6. Nbd2 e6
7. O-O Nbd7 8. b3 Bd6 9. Bb2 Bf5 10. Qc2 Bxd3 11. Qxd3 O-O
12. e4 dxe4 13. Nxe4 Nxe4 14. Qxe4 a5 15. a3 Nf6 16. Qe2 Re8
17. Rfd1 Qc7 18. Rd3 Rad8 19. g3 b5 20. Rc1 Qe7 21. Ne5 Rc8
22. Qf3 Bxa3 23. Bxa3 Qxa3 24. Rcd1 Qd6 25. g4 bxc4 26. bxc4
Rf8 27. Ra1 c5 28. Rxa5 cxd4 29. Qf4 Rxc4 30. g5 Nd5 31. Qe4
Rc1+ 32. Kg2 Qb6 33. Rda3 Qb7 34. Ra7 Nf4+ 35. Kf3 Qxe4+
36. Kxe4 Ng6 37. Nd7 Rd8 38. Ra8 Rcc8 39. Rxc8 Rxc8 40. f4 Rd8
41. Nc5 Ne7 42. Ra7 Nf5 43. Nd3 h6 44. Ne5 Nd6+ 45. Kd3 hxg5
46. fxg5 g6 47. Ng4 Kg7 48. Ne5 Rh8 49. Rd7 Rh3+ 50. Kxd4 Nf5+
51. Ke4 Rxh2 52. Rxf7+ Kg8 53. Rf6 Re2+ 54. Kf4 Rf2+ 55. Ke4
Nd6+ 56. Kd4 Rxf6 57. gxf6 Nf7 58. Nxg6 Kh7 59. Nf8+ Kh6
60. Nxe6 Kg6 1/2-1/2

[Event "World Blitz Championship"]
[Site "Doha QAT"]
[Date "2016.12.29"]
[EventDate "2016.12.29"]
[Round "12.44"]
[Result "0-1"]
[White "Sergey Kayumov"]
[Black "Vidit Santosh Gujrathi"]
[WhiteElo "2505"]
[BlackElo "2689"]
[PlyCount "158"]

1. Nf3 c5 2. b3 Nc6 3. Bb2 Nf6 4. g3 g6 5. Bg2 Bg7 6. O-O O-O
7. c4 d6 8. d3 e5 9. Nc3 Nh5 10. e4 f5 11. exf5 Bxf5 12. Nh4
Be6 13. Nd5 Qd7 14. Bf3 Nf6 15. Ng2 Bh3 16. Re1 Ng4 17. Nge3
Nxf2 18. Kxf2 e4 19. Bxg7 Rxf3+ 20. Qxf3 exf3 21. Nf6+ Kxg7
22. Nxd7 Bxd7 23. Nd5 Ne5 24. Rxe5 dxe5 25. Re1 Re8 26. Kxf3
Bf5 27. Re3 Bxd3 28. Nc3 Rf8+ 29. Kg2 Bf1+ 30. Kg1 Bh3 31. Re1
b6 32. Ne4 Bf5 33. Nd6 Kf6 34. Nb5 Rd8 35. Re2 Rd7 36. Nc3 Rd4
37. Kg2 Ke6 38. h3 h5 39. Nb5 Rd7 40. Nc3 Bd3 41. Re3 Bc2
42. Nd5 g5 43. g4 hxg4 44. hxg4 Rf7 45. Kg3 e4 46. Re2 Bd3
47. Rf2 Rxf2 48. Kxf2 Ke5 49. Ke3 b5 50. Ne7 bxc4 51. bxc4
Bxc4 52. Nc6+ Kd5 53. Nxa7 Bxa2 54. Nb5 Ke5 55. Nc3 Bd5
56. Nb5 Be6 57. Nc3 Bd5 58. Nb5 Bc6 59. Nc3 c4 60. Ne2 Bd7
61. Nc3 Bc6 62. Ne2 Kd5 63. Nc3+ Kc5 64. Na2 Bd7 65. Kxe4 Bxg4
66. Nc3 Bc8 67. Ke5 g4 68. Ne4+ Kb4 69. Kd4 Bb7 70. Nc3 g3
71. Ne2 g2 72. Ke3 c3 73. Ng1 Kb3 74. Ne2 Kb2 75. Kf2 c2
76. Nf4 Be4 77. Ne2 Bd3 78. Nf4 Bc4 79. Ng6 c1=Q 0-1

[Event "World Blitz Championship"]
[Site "Doha QAT"]
[Date "2016.12.30"]
[EventDate "2016.12.29"]
[Round "13.38"]
[Result "1/2-1/2"]
[White "Vidit Santosh Gujrathi"]
[Black "Aryan Tari"]
[WhiteElo "2689"]
[BlackElo "2584"]
[PlyCount "142"]

1. Nf3 Nf6 2. c4 c5 3. Nc3 d5 4. cxd5 Nxd5 5. e3 Nxc3 6. bxc3
g6 7. Bb5+ Bd7 8. Be2 Bg7 9. O-O O-O 10. d4 Qa5 11. Qb3 Bc6
12. Bd2 e6 13. c4 Qc7 14. Rad1 cxd4 15. exd4 Bxf3 16. Bxf3 Nc6
17. Bc3 Rfd8 18. d5 exd5 19. Bxd5 Bxc3 20. Qxc3 Rac8 21. h4
Qe5 22. Qf3 Rd7 23. Rfe1 Qc7 24. h5 Nb4 25. h6 Nxd5 26. cxd5
Qd6 27. Re3 Rf8 28. g3 a6 29. Qe4 Qf6 30. Rf3 Qg5 31. Qe3 Rxd5
32. Rxd5 Qxd5 33. Qc3 f6 34. Rxf6 Qd1+ 35. Kg2 Qd5+ 36. Kg1
Qd1+ 37. Kh2 Rxf6 38. Qxf6 Qh5+ 39. Kg2 Qxh6 40. Qd8+ Qf8
41. Qd5+ Qf7 42. Qd8+ Kg7 43. Qd4+ Qf6 44. Qd7+ Qf7 45. Qd4+
Kf8 46. Qd8+ Qe8 47. Qd6+ Kf7 48. Qd5+ Qe6 49. Qxb7+ Kf6
50. a4 h5 51. a5 Ke5 52. Qb2+ Kd5 53. Qb3+ Ke5 54. Qc3+ Kd5
55. Qd3+ Kc5 56. f3 Kb4 57. Qd2+ Kb5 58. Qc3 Qc6 59. Qd2 Ka4
60. Qa2+ Kb5 61. Qd2 Ka4 62. Qa2+ Kb5 63. Qd2 Qe6 64. Qc3 Qa2+
65. Kh3 Qe6+ 66. Kg2 Ka4 67. Qd2 Ka3 68. Qc3+ Ka4 69. Qd2 Kb5
70. Qc3 Qc6 71. Qd2 Qe6 1/2-1/2

[Event "World Blitz Championship"]
[Site "Doha QAT"]
[Date "2016.12.30"]
[EventDate "2016.12.29"]
[Round "14.35"]
[Result "1/2-1/2"]
[White "David Anton Guijarro"]
[Black "Vidit Santosh Gujrathi"]
[WhiteElo "2650"]
[BlackElo "2689"]
[PlyCount "144"]

1. Nf3 d5 2. b3 Nf6 3. Bb2 g6 4. c4 c6 5. g3 Bg7 6. Bg2 O-O
7. O-O a5 8. Nc3 Ne4 9. Na4 Bxb2 10. Nxb2 Na6 11. d3 Nf6
12. cxd5 Nxd5 13. Qd2 Bg4 14. Nc4 Bxf3 15. Bxf3 Nc5 16. d4 Ne6
17. e3 a4 18. b4 Nb6 19. Nxb6 Qxb6 20. a3 Rfd8 21. Qc2 Nc7
22. Rfc1 Nb5 23. h4 h5 24. Qb2 Rd6 25. Rc5 Rad8 26. Rac1 e6
27. Rg5 Kf8 28. Bd1 Qa7 29. Be2 Rd5 30. Bxb5 cxb5 31. Rxd5
Rxd5 32. Rc8+ Kg7 33. Qc3 Qb6 34. Qc7 Rd6 35. Qxb6 Rxb6
36. Rc5 Kf8 37. Kg2 Ke8 38. Kf3 Kd7 39. Ke4 f6 40. Kd3 Kd6
41. f3 Kd7 42. g4 hxg4 43. fxg4 f5 44. h5 gxh5 45. gxh5 Ke7
46. e4 fxe4+ 47. Kxe4 Kf6 48. Re5 Kg7 49. Rc5 Kf6 50. Ke3 Kg7
51. Kf4 Kf6 52. Ke4 Rc6 53. Rxb5 Rc3 54. Rxb7 Rxa3 55. Ra7 Ra1
56. h6 Rh1 57. Rxa4 Rxh6 58. b5 Ke7 59. Kd3 Kd6 60. Kc3 Rh8
61. Rc4 Rh1 62. Rc6+ Kd5 63. Rc5+ Kd6 64. Kb4 Rd1 65. Rc4 Kd5
66. Rc8 Rb1+ 67. Ka5 Kxd4 68. b6 e5 69. Ka6 Ra1+ 70. Kb5 Rb1+
71. Ka6 Ra1+ 72. Kb5 Rb1+ 1/2-1/2

[Event "World Blitz Championship"]
[Site "Doha QAT"]
[Date "2016.12.30"]
[EventDate "2016.12.29"]
[Round "15.36"]
[Result "1-0"]
[White "Vidit Santosh Gujrathi"]
[Black "Mohamad Naser Al Sayed"]
[WhiteElo "2689"]
[BlackElo "2508"]
[PlyCount "41"]

1. d4 d5 2. Nf3 c6 3. c4 Nf6 4. e3 Bg4 5. h3 Bh5 6. cxd5 Bxf3
7. Qxf3 cxd5 8. Bd3 e6 9. O-O Nc6 10. Nc3 Bd6 11. Bd2 O-O
12. Rac1 Rc8 13. Qe2 a6 14. a3 Na5 15. Nxd5 Rxc1 16. Nxf6+
Qxf6 17. Bxc1 Rc8 18. Qh5 g5 19. Qxh7+ Kf8 20. Bd2 Ke7
21. Bxa5 1-0

[Event "World Blitz Championship"]
[Site "Doha QAT"]
[Date "2016.12.30"]
[EventDate "2016.12.29"]
[Round "16.30"]
[Result "0-1"]
[White "Dmitry Jakovenko"]
[Black "Vidit Santosh Gujrathi"]
[WhiteElo "2704"]
[BlackElo "2689"]
[PlyCount "136"]

1. Nf3 d5 2. g3 g6 3. Bg2 Nf6 4. c4 dxc4 5. Qa4+ Nfd7 6. Qxc4
Bg7 7. O-O Nb6 8. Qc2 e5 9. d3 O-O 10. Bg5 f6 11. Be3 Nc6
12. Bc5 Re8 13. Nbd2 f5 14. b4 a5 15. b5 Nb4 16. Bxb4 axb4
17. Qb3+ Be6 18. Qxb4 e4 19. dxe4 fxe4 20. Qxe4 Bxa1 21. Rxa1
Rxa2 22. Rxa2 Bxa2 23. Qc2 Bd5 24. e3 Qd6 25. Nd4 Bxg2
26. Kxg2 Qd5+ 27. N2f3 Nc4 28. Kg1 c5 29. bxc6 bxc6 30. Qe2 c5
31. Nb5 Ne5 32. Nxe5 Qxe5 33. Qc4+ Kg7 34. h4 Rd8 35. Nc3 Rb8
36. Qd3 Rb7 37. Ne4 Re7 38. Nd2 Qf6 39. Nc4 Rf7 40. Qd2 Qe6
41. Qb2+ Qf6 42. Qd2 h6 43. Nd6 Re7 44. Qd5 Qe5 45. Qc6 Qa1+
46. Kg2 Qe5 47. Kg1 Re6 48. Qc7+ Re7 49. Qc6 Kh7 50. Nc4 Qf5
51. Nd6 Qe5 52. Nc4 Qc7 53. Qf3 Rf7 54. Qe4 Qe7 55. Qd5 Rf5
56. Qd3 Rf8 57. Qd5 Rd8 58. Qc6 Kg7 59. Qf3 Qe6 60. Qf4 Rd7
61. Ne5 Re7 62. Ng4 h5 63. Nh2 Rf7 64. Qa4 c4 65. Qa1+ Qf6
66. Qe1 c3 67. e4 c2 68. e5 Qxf2+ 0-1

[Event "World Blitz Championship"]
[Site "Doha QAT"]
[Date "2016.12.30"]
[EventDate "2016.12.29"]
[Round "17.24"]
[Result "0-1"]
[White "Vidit Santosh Gujrathi"]
[Black "Rustam Khusnutdinov"]
[WhiteElo "2689"]
[BlackElo "2458"]
[PlyCount "38"]

1. Nf3 c5 2. c4 Nc6 3. Nc3 Nf6 4. d4 cxd4 5. Nxd4 e6 6. g3 Qb6
7. Ndb5 Bc5 8. Nd6+ Ke7 9. Nde4 Nxe4 10. Nxe4 Bb4+ 11. Bd2 Rd8
12. Bg2 d5 13. cxd5 Rxd5 14. Nc3 Rd8 15. O-O Kf8 16. a3 Bxc3
17. bxc3 Qb2 18. Qb1 Qxb1 19. Raxb1 Rxd2 0-1

[Event "World Blitz Championship"]
[Site "Doha QAT"]
[Date "2016.12.30"]
[EventDate "2016.12.29"]
[Round "18.30"]
[Result "0-1"]
[White "Sandro Mareco"]
[Black "Vidit Santosh Gujrathi"]
[WhiteElo "2635"]
[BlackElo "2689"]
[PlyCount "69"]

1. Nf3 d5 2. c4 d4 3. b4 c5 4. e3 Nf6 5. exd4 cxd4 6. d3 e5
7. a3 a5 8. Nxe5 axb4 9. Qe2 Be7 10. g3 O-O 11. Bg2 Re8
12. O-O Bd6 13. f4 Nbd7 14. Bb2 Nxe5 15. fxe5 Bxe5 16. Qf2 Be6
17. axb4 Rxa1 18. Bxa1 Ng4 19. Qf3 Ne3 20. Re1 b5 21. Nd2 bxc4
22. dxc4 Bg4 23. Qc6 Nc2 24. Rb1 Nxa1 25. Rxa1 d3 26. Rf1 Be2
27. Rb1 Bd4+ 28. Kh1 Be3 29. Rb2 h5 30. b5 Re6 31. Qd5 Qf6
32. Ra2 Qf2 33. Ra8+ Kh7 34. Be4+ g6 35. Bxg6+ 0-1

[Event "World Blitz Championship"]
[Site "Doha QAT"]
[Date "2016.12.30"]
[EventDate "2016.12.29"]
[Round "19.23"]
[Result "0-1"]
[White "Vidit Santosh Gujrathi"]
[Black "Alan Pichot"]
[WhiteElo "2689"]
[BlackElo "2544"]
[PlyCount "70"]

1. d4 Nf6 2. Nf3 g6 3. g3 Bg7 4. Bg2 O-O 5. O-O d6 6. b3 c5
7. Bb2 cxd4 8. Nxd4 d5 9. c4 e5 10. Nf3 e4 11. Nd4 e3 12. fxe3
Ng4 13. Qd2 dxc4 14. bxc4 Qe7 15. e4 Rd8 16. e3 Nc6 17. e5
Ncxe5 18. Na3 Be6 19. Rf4 Rac8 20. Qe2 h5 21. Nxe6 Qxe6
22. Bd5 Rxd5 23. cxd5 Qxd5 24. h3 Nd3 25. Bxg7 Nxf4 26. gxf4
Kxg7 27. hxg4 hxg4 28. Rd1 Qe4 29. Nb1 Rh8 30. Qg2 Qxe3+
31. Kf1 Rh3 32. Nd2 Rg3 33. Qf2 Qd3+ 34. Qe2 Rg1+ 35. Kf2 Qg3#
0-1

[Event "World Blitz Championship"]
[Site "Doha QAT"]
[Date "2016.12.30"]
[EventDate "2016.12.29"]
[Round "20.28"]
[Result "0-1"]
[White "Vidit Santosh Gujrathi"]
[Black "Ernesto Inarkiev"]
[WhiteElo "2689"]
[BlackElo "2709"]
[PlyCount "47"]

1. d4 Nf6 2. Nf3 e6 3. c4 b6 4. g3 Bb7 5. Bg2 Be7 6. O-O O-O
7. Re1 Na6 8. Nc3 Ne4 9. Bf4 Nxc3 10. bxc3 Be4 11. h4 c5
12. d5 d6 13. dxe6 fxe6 14. Ng5 Bxg2 15. Nxe6 Qc8 16. Nxf8 Qh3
17. f3 Rxf8 18. Qd5+ Kh8 19. Qe4 Bf6 20. Bxd6 Rg8 21. Rac1 Nb8
22. Bf4 Nd7 23. Red1 Nf8 24. Rd8 0-1

[Event "World Blitz Championship"]
[Site "Doha QAT"]
[Date "2016.12.30"]
[EventDate "2016.12.29"]
[Round "21.34"]
[Result "0-1"]
[White "Aleksej Gennadyevich Aleksandrov"]
[Black "Vidit Santosh Gujrathi"]
[WhiteElo "2574"]
[BlackElo "2689"]
[PlyCount "66"]

1. d4 Nf6 2. c4 g6 3. Nc3 d5 4. cxd5 Nxd5 5. Bd2 Bg7 6. e4
Nxc3 7. Bxc3 O-O 8. Qd2 c5 9. d5 Bxc3 10. bxc3 e6 11. Bc4 exd5
12. Bxd5 Nd7 13. Ne2 Nf6 14. c4 Nxd5 15. cxd5 Re8 16. f3 f5
17. O-O fxe4 18. fxe4 Rxe4 19. Nc3 Rd4 20. Qh6 Bf5 21. Rae1
Rh4 22. Qe3 Qd6 23. h3 Rc4 24. Nb5 Qd7 25. Qe7 Rd8 26. Rxf5
Qxe7 27. Rxe7 gxf5 28. Rxb7 Rb4 29. a3 Rb1+ 30. Kf2 a6 31. Nd6
Rxb7 32. Nxb7 Rxd5 33. Ke3 c4 0-1

[Event "PRO League Group Stage"]
[Site "chess.com INT"]
[Date "2017.02.11"]
[EventDate "2017.01.11"]
[Round "5"]
[Result "1/2-1/2"]
[White "Aleksandr Lenderman"]
[Black "Vidit Santosh Gujrathi"]
[WhiteElo "2573"]
[BlackElo "2673"]
[PlyCount "168"]

1. d4 Nf6 2. c4 e6 3. g3 d5 4. Nf3 dxc4 5. Bg2 Be7 6. Qa4+
Nbd7 7. Qxc4 a6 8. Qc2 O-O 9. O-O c5 10. Rd1 Nd5 11. Nc3 Nxc3
12. Qxc3 Nf6 13. Qc2 cxd4 14. Nxd4 Qe8 15. Bd2 Nd5 16. Nf5
exf5 17. Bxd5 Qb5 18. Be3 Be6 19. a4 Qxd5 20. Rxd5 Bxd5
21. Qxf5 Rfd8 22. f3 Rac8 23. Rd1 Bc6 24. Rxd8+ Rxd8 25. b3 h6
26. Kf2 Bd5 27. Qc2 Be6 28. Qc7 Rd7 29. Qc8+ Kh7 30. Qc2+ Kg8
31. h4 h5 32. Bg5 Bd6 33. Bf4 Be7 34. Qc3 Rd5 35. Be3 Bf6
36. Qb4 Rd7 37. a5 g6 38. Qf4 Bg7 39. b4 Kh7 40. Bc5 Kg8
41. Bd6 Kh7 42. Be5 Bxe5 43. Qxe5 Rd5 44. Qc3 Rb5 45. e4 Kg8
46. Ke3 Kh7 47. Kf4 Kg8 48. e5 Kg7 49. g4 hxg4 50. fxg4 Rd5
51. h5 gxh5 52. gxh5 Kh6 53. Qe3 Kxh5 54. Qg1 Kh6 55. Qg5+ Kh7
56. Qh4+ Kg8 57. Qg3+ Kf8 58. Kg5 Ke7 59. Qf4 Kd7 60. Kf6 Rd1
61. Qf2 Rd5 62. Qb6 Kc8 63. Ke7 Kb8 64. Qe3 Rd7+ 65. Kf6 Rd5
66. Qc3 Rb5 67. Qd4 Rd5 68. Qb6 Kc8 69. Qa7 Kc7 70. Qb6+ Kc8
71. Ke7 Kb8 72. Qf2 Rd7+ 73. Ke8 Rd5 74. Qf4 Rd7 75. Qf6 Rd5
76. Qf4 Kc8 77. Kf8 Rd8+ 78. Kg7 Rd5 79. Kf6 Kb8 80. Ke7 Rd7+
81. Kf6 Rd5 82. Ke7 Rd7+ 83. Kf6 Rd5 84. Ke7 Rd7+ 1/2-1/2

[Event "PRO League Group Stage"]
[Site "chess.com INT"]
[Date "2017.02.11"]
[EventDate "2017.01.11"]
[Round "5"]
[Result "0-1"]
[White "Daniel A Yeager"]
[Black "Vidit Santosh Gujrathi"]
[WhiteElo "2280"]
[BlackElo "2673"]
[PlyCount "44"]

1. c4 e5 2. Nc3 Nf6 3. Nf3 Nc6 4. e3 Bb4 5. Qc2 O-O 6. a3 Bxc3
7. Qxc3 Re8 8. Be2 d5 9. cxd5 Nxd5 10. Qc4 e4 11. Nd4 Ne5
12. Qc2 Nf4 13. O-O Nxe2+ 14. Nxe2 b6 15. Qxe4 Ba6 16. f4 Bd3
17. Qd4 Bxe2 18. fxe5 Qxd4 19. exd4 Bxf1 20. Kxf1 Rad8 21. Ke2
Rxd4 22. Ke3 c5 0-1

[Event "PRO League Group Stage"]
[Site "chess.com INT"]
[Date "2017.02.11"]
[EventDate "2017.01.11"]
[Round "5"]
[Result "1-0"]
[White "Vidit Santosh Gujrathi"]
[Black "Marc Tyler Arnold"]
[WhiteElo "2673"]
[BlackElo "2524"]
[PlyCount "73"]

1. d4 Nf6 2. c4 e6 3. Nf3 Bb4+ 4. Bd2 Qe7 5. g3 Nc6 6. Nc3 O-O
7. Bg2 d6 8. O-O Bxc3 9. Bxc3 e5 10. d5 Nb8 11. c5 Nbd7
12. cxd6 cxd6 13. Nd2 b6 14. b4 Ba6 15. Re1 Rfc8 16. Bb2 e4
17. Nf1 Ne5 18. Ne3 Nc4 19. Nf5 Qd7 20. Nh6+ gxh6 21. Bxf6 Qf5
22. Qd4 Re8 23. Rac1 Rac8 24. Bh8 Qg6 25. Bh3 Ne5 26. Bxc8
Bxc8 27. Bxe5 dxe5 28. Qe3 Bb7 29. Red1 Rd8 30. Rc7 Bxd5
31. Rxa7 Qe6 32. a4 Rc8 33. Ra6 Rc6 34. b5 Rd6 35. a5 Bc4
36. Rc1 Qg4 37. Rxc4 1-0

[Event "PRO League Group Stage"]
[Site "chess.com INT"]
[Date "2017.02.11"]
[EventDate "2017.01.11"]
[Round "5"]
[Result "1/2-1/2"]
[White "Vidit Santosh Gujrathi"]
[Black "Robert Lee Hess"]
[WhiteElo "2673"]
[BlackElo "2571"]
[PlyCount "190"]

1. d4 Nf6 2. c4 e6 3. Nf3 d5 4. Nc3 Be7 5. Bf4 O-O 6. e3 b6
7. cxd5 Nxd5 8. Nxd5 Qxd5 9. Be2 c5 10. dxc5 Qxd1+ 11. Rxd1
Bxc5 12. O-O Ba6 13. Bxa6 Nxa6 14. a3 Rfc8 15. Rd7 Bf8 16. b4
f6 17. e4 e5 18. Be3 Rc3 19. Ra1 Nc7 20. g4 Nb5 21. a4 Nd6
22. Nd2 Nf7 23. a5 bxa5 24. bxa5 a6 25. Rb1 Nh8 26. Nf3 Ra3
27. Rd5 Ng6 28. Rb7 Ra4 29. g5 Rxe4 30. gxf6 gxf6 31. Rdd7 Nh4
32. Nxh4 Rxh4 33. Ra7 Rc8 34. Rxa6 f5 35. Re6 f4 36. Bd2 Rh5
37. a6 Ra8 38. a7 Rg5+ 39. Kf1 Rg7 40. Rxg7+ Kxg7 41. Ra6 Bc5
42. Ra5 Bd4 43. f3 Rxa7 44. Rxa7+ Bxa7 45. Ke2 Kf6 46. Kd3 Kf5
47. h3 Bd4 48. Be1 Kg5 49. Ke4 Bb2 50. Bf2 Ba1 51. Be1 Bd4
52. Kd3 Kf5 53. Bh4 Bc5 54. Be1 Be7 55. Bf2 Bf8 56. Be1 Ba3
57. Bf2 Bb2 58. Be1 Bd4 59. Bh4 h6 60. Be1 Bg1 61. Bh4 Bh2
62. Bd8 Bg3 63. Bc7 Kg5 64. Bd8+ Kf5 65. Bc7 Bf2 66. Bd8 Be1
67. Be7 Ke6 68. Bf8 h5 69. Bc5 Kd5 70. Be7 Ba5 71. Bg5 Bb6
72. Be7 e4+ 73. fxe4+ Ke5 74. Bh4 Bc5 75. Be1 f3 76. Bg3+ Ke6
77. Bh4 Bb6 78. Bg3 Ba7 79. Bh4 Ke5 80. Bg3+ Kf6 81. Bh4+ Kg6
82. Bg3 Kg5 83. e5 Kf5 84. e6 Kxe6 85. Ke4 f2 86. Bxf2 Bxf2
87. h4 Kf6 88. Kf3 Bc5 89. Kg2 Kf5 90. Kh1 Kg4 91. Kg2 Kxh4
92. Kh2 Kg4 93. Kg2 h4 94. Kh2 h3 95. Kh1 Kg3 1/2-1/2

[Event "PRO League Group Stage"]
[Site "chess.com INT"]
[Date "2017.02.15"]
[EventDate "2017.01.11"]
[Round "6"]
[Result "0-1"]
[White "Arturs Bernotas"]
[Black "Vidit Santosh Gujrathi"]
[WhiteElo "2332"]
[BlackElo "2673"]
[PlyCount "102"]

1. e4 c6 2. Nc3 d5 3. Qe2 d4 4. Nd1 c5 5. d3 Nc6 6. g3 e5
7. f4 Bd6 8. Bh3 Nge7 9. Nf2 Qa5+ 10. Bd2 Qb6 11. b3 Nb4
12. Bc1 exf4 13. gxf4 Ng6 14. Bxc8 Rxc8 15. Ngh3 Qc7 16. e5
Be7 17. O-O O-O 18. Ne4 Nh4 19. f5 Qxe5 20. f6 Bxf6 21. Nxf6+
gxf6 22. Qg4+ Ng6 23. Bh6 Nxc2 24. Rf5 Ne3 25. Bxe3 Qxe3+
26. Kh1 Rce8 27. Nf4 Qd2 28. Rxf6 Re1+ 29. Rxe1 Qxe1+ 30. Kg2
Qd2+ 31. Kg3 Re8 32. Nd5 Re5 33. Rf5 Qe1+ 34. Kh3 Rxf5
35. Qxf5 Qe6 36. Kg4 Kg7 37. Nc7 Qe2+ 38. Kh3 Qe3+ 39. Kg4
Ne5+ 40. Kh4 Qh6+ 41. Kg3 Qg6+ 42. Qxg6+ Kxg6 43. Nb5 a6
44. Nd6 b5 45. Kf4 Nxd3+ 46. Ke4 Nc1 47. Nb7 d3 48. Ke3 c4
49. Nd6 c3 50. Ne4 b4 51. Nf2 d2 0-1

[Event "PRO League Group Stage"]
[Site "chess.com INT"]
[Date "2017.02.15"]
[EventDate "2017.01.11"]
[Round "6"]
[Result "0-1"]
[White "Toms Kantans"]
[Black "Vidit Santosh Gujrathi"]
[WhiteElo "2456"]
[BlackElo "2673"]
[PlyCount "98"]

1. e4 e5 2. Nf3 Nc6 3. Bb5 Nf6 4. O-O Nxe4 5. Re1 Nd6 6. Nxe5
Be7 7. Bf1 Nxe5 8. Rxe5 O-O 9. d4 Bf6 10. Re1 Re8 11. c3 Rxe1
12. Qxe1 b6 13. Bf4 Qe7 14. Na3 Bb7 15. Qxe7 Bxe7 16. Re1 Kf8
17. Bxd6 Bxd6 18. Nb5 Bf4 19. g3 a6 20. gxf4 axb5 21. a3 c6
22. Bd3 h6 23. h4 Re8 24. Re3 Bc8 25. Kg2 Re6 26. Kg3 d5
27. Re5 Rf6 28. f5 Bd7 29. Re1 Bxf5 30. Bxf5 Rxf5 31. f4 Rf6
32. Ra1 Re6 33. Kf3 Re8 34. Rg1 g6 35. h5 Kg7 36. Rh1 Re4
37. Rg1 Kf6 38. Rh1 Kf5 39. hxg6 Rxf4+ 40. Ke2 Kxg6 41. Rg1+
Kh7 42. Ke3 Rf6 43. Rg2 Rg6 44. Rh2 Kg7 45. Kf4 Re6 46. Kf5
Kf8 47. Kf4 Ke7 48. Kf5 Rf6+ 49. Ke5 Rf1 0-1

[Event "PRO League Group Stage"]
[Site "chess.com INT"]
[Date "2017.02.15"]
[EventDate "2017.01.11"]
[Round "6"]
[Result "1/2-1/2"]
[White "Vidit Santosh Gujrathi"]
[Black "Igor Viktorovich Kovalenko"]
[WhiteElo "2673"]
[BlackElo "2684"]
[PlyCount "187"]

1. d4 e6 2. Nf3 d5 3. c4 Nf6 4. Nc3 a6 5. c5 Nc6 6. Bf4 g6
7. h3 Bg7 8. e3 O-O 9. Bd3 Re8 10. O-O Nh5 11. Bg5 Qd7 12. Bc2
b6 13. cxb6 cxb6 14. Rc1 b5 15. Ne2 Bb7 16. Nf4 Nxf4 17. Bxf4
Rac8 18. Qd2 f6 19. Bb3 Bf8 20. Ne1 Bb4 21. Qd1 Na5 22. Nd3
Bf8 23. Bc2 Nc4 24. Bg3 a5 25. h4 Ba6 26. Re1 b4 27. Ba4 Bb5
28. Bxb5 Qxb5 29. b3 Nb6 30. Bc7 Na8 31. Bg3 Rxc1 32. Nxc1 Rc8
33. Nd3 Nb6 34. Nf4 Qc6 35. Qe2 Nd7 36. Kf1 Kf7 37. Qd3 Qc2
38. Qa6 Qc6 39. Qd3 Bd6 40. h5 Bxf4 41. hxg6+ hxg6 42. Bxf4 e5
43. dxe5 fxe5 44. Bg3 Nc5 45. Qe2 Qe6 46. f3 e4 47. Kg1 Nd3
48. Rf1 Kg8 49. fxe4 dxe4 50. Qd1 Rc1 51. Qe2 Rc5 52. Bh4 Rf5
53. Rxf5 Qxf5 54. Bd8 Qc8 55. Bh4 Qc1+ 56. Kh2 Qc7+ 57. Bg3
Qh7+ 58. Kg1 Qd7 59. Qc2 Kh7 60. Qc4 Qf5 61. Qc7+ Kh6 62. Qe7
g5 63. Qd6+ Kh5 64. Kh1 Kg4 65. Kg1 Kh5 66. Kh2 Kg4 67. Kg1
Nc5 68. Be5 Nd3 69. Bg3 Kh5 70. Kh2 Qh7 71. Kg1 Qf7 72. Kh2
Kg4 73. Kg1 Nc1 74. Qd1+ Kxg3 75. Qe1+ Kg4 76. Qxc1 Qa7
77. Qd1+ Kf5 78. Qd5+ Kf6 79. Qxe4 Qc5 80. Kf2 Qc1 81. Qd4+
Kf5 82. Qd5+ Kg6 83. Qxa5 Qd2+ 84. Kf3 Qd1+ 85. Kf2 Qd2+
86. Kf3 Qd1+ 87. Kg3 Qe1+ 88. Kf3 Qf1+ 89. Kg3 Qe1+ 90. Kh2
Qh4+ 91. Kg1 Qe1+ 92. Kh2 Qh4+ 93. Kg1 Qe1+ 94. Kh2 1/2-1/2